000 00912pam a2200265 a 4500
999 _c41143
_d41143
001 2944829
003 OSt
005 20210705112108.0
008 900822s1991 nyua b 001 0 eng
010 _a 90047227
020 _a9789386070913
040 _aDLC
_cDLC
_dDLC
050 0 0 _aTK7874
_b.R68 1991
082 0 0 _a621.3815
_220
_bCHO/L
100 _aRoy Choudhury, D
_94648
245 1 0 _aLinear integrated circuits /
_cD. Roy Choudhury, Shail Jain.
250 _a5th ed.
260 _aNew Delhi :
_bNew Age International,
_c2018.
300 _axii, 440 p. :
_bill. ;
_c25 cm.
650 0 _aLinear integrated circuits.
700 1 _aJain, Shail.
906 _a7
_bcbc
_corignew
_d1
_eocip
_f19
_gy-gencatlg
942 _2ddc
_cBK
_h621.3815
_iCHO/L
_k621.3815
_mCHO/L